[Event "ch-FRA National A"]
[Site "Nimes FRA"]
[Date "2009.08.21"]
[Round "11"]
[White "Maze,S"]
[Black "Degraeve,JM"]
[Result "1/2-1/2"]
[WhiteElo "2546"]
[BlackElo "2559"]

1.Nf3 Nf6 2.c4 g6 3.g3 Bg7 4.Bg2 O-O 5.Nc3 d6 6.O-O c6 7.d4 Bf5 8.Ne1 Qc8
9.e4 Bh3 10.f3 Bxg2 11.Kxg2 Nbd7 12.Nd3 e5 13.d5 cxd5 14.cxd5 Nc5 15.Nf2 Qd7
16.Be3 Rfc8 17.a4 Qe7 18.Rc1 a6 19.b4 Ncd7 20.Qb3 Qf8 21.g4 h5 22.g5 Nh7
23.h4 f6 24.Nh3 fxg5 25.hxg5 Qd8 26.Ne2 Rxc1 27.Rxc1 Rc8 28.Rc4 Bf8 29.Kg3 Be7
30.Kh4 Nhf8 31.Qc2 Rxc4 32.Qxc4 a5 33.b5 Qb8 34.Nf2 Bd8 35.f4 exf4 36.Bxf4 Qc7
37.Qxc7 Bxc7 38.Nd3 Kf7 39.Nec1 Ne5 40.Nxe5+ dxe5 41.Be3 Nd7 42.Nb3 Ke7 43.Nc5 Nxc5  1/2-1/2

[Event "XI Sants Open"]
[Site "Barcelona ESP"]
[Date "2009.08.24"]
[Round "4"]
[White "Grigoriants,S RUS"]
[Black "Caspi,I"]
[Result "1/2-1/2"]
[WhiteElo "2564"]
[BlackElo "2417"]

1.Nf3 Nf6 2.c4 g6 3.g3 Bg7 4.Bg2 O-O 5.Nc3 d6 6.O-O e5 7.d3 h6 8.Rb1 a5 9.a3 Be6
10.b4 axb4 11.axb4 c6 12.c5 Nd5 13.Nxd5 cxd5 14.Bb2 Na6 15.Qd2 d4 16.Rfc1  1/2-1/2

[Event "XI Sants Open"]
[Site "Barcelona ESP"]
[Date "2009.08.26"]
[Round "6"]
[White "Kubecka,D"]
[Black "Lemos,D"]
[Result "0-1"]
[WhiteElo "2304"]
[BlackElo "2511"]

1.c4 Nf6 2.g3 g6 3.Bg2 Bg7 4.Nf3 O-O 5.O-O c6 6.d4 d6 7.Nc3 Qb6 8.b3 Bf5
9.Bb2 Na6 10.Re1 Rad8 11.h3 e5 12.e4 Bc8 13.Na4 Qc7 14.dxe5 dxe5 15.Qe2 Nd7
16.Rad1 Rfe8 17.a3 Nf8 18.b4 Ne6 19.c5 Nd4 20.Nxd4 exd4 21.Bc1 b6 22.Qc2 h5
23.h4 b5 24.Nb2 Nb8 25.f4 Nd7 26.Nd3 Nf6 27.Nf2 Bg4 28.Rd2 Nd5 29.Qb2 Nxf4
30.gxf4 Qxf4 31.Nd3 Qg3 32.e5 Bf5 33.Nf2 Bh3 34.Nd3 Bxg2 35.Rxg2 Qxd3 36.Qe2 Qf5  0-1

[Event "6th LGA Premium Cup"]
[Site "Nuernberg GER"]
[Date "2009.09.03"]
[Round "1"]
[White "Walter,F"]
[Black "Zelbel,P"]
[Result "0-1"]
[WhiteElo "1972"]
[BlackElo "2348"]

1.c4 Nf6 2.Nf3 g6 3.g3 Bg7 4.Bg2 O-O 5.Nc3 d6 6.O-O e5 7.d3 Nc6 8.Rb1 h6
9.b4 Be6 10.Nd2 Qd7 11.b5 Nd8 12.Nd5 Nh5 13.Bb2 c6 14.bxc6 bxc6 15.Nb4 a5
16.Qa4 Ra7 17.Nc2 Bh3 18.Bxh3 Qxh3 19.Ba3 Qe6 20.Ne4 Rd7 21.Qxa5 f5 22.Nd2 Nf7
23.Qb6 Rc8 24.Nb4 Nd8 25.Nb3 Nf6 26.Na5 f4 27.Kg2 Nf7 28.Rh1 c5 29.Na6 e4
30.h3 f3+ 31.exf3 exf3+ 32.Kg1 Ng5 33.Nb8 Nxh3+ 34.Kh2 Ng4+ 35.Kxh3 Nxf2+  0-1

[Event "6th LGA Premium Cup"]
[Site "Nuernberg GER"]
[Date "2009.09.04"]
[Round "2"]
[White "Willim,M"]
[Black "Reich,T"]
[Result "1-0"]
[WhiteElo "2155"]
[BlackElo "2368"]

1.c4 Nf6 2.g3 g6 3.Bg2 Bg7 4.Nf3 O-O 5.O-O d6 6.Nc3 Nc6 7.d3 Bf5 8.Rb1 Qd7
9.Re1 Bh3 10.Bh1 h6 11.Nd5 Nxd5 12.cxd5 Nd8 13.Be3 c6 14.dxc6 Nxc6 15.Qd2 Kh7
16.b4 Rac8 17.Rec1 b5 18.Rc2 Rc7 19.a4 bxa4 20.b5 Ne5 21.Nxe5 dxe5 22.Rxc7 Qxc7
23.Rc1 Qd6 24.Bxa7 e4 25.Bxe4 Qa3 26.Bc5 Qb2 27.Qxb2 Bxb2 28.Rc4 Rc8 29.Bc6 a3
30.Ra4 Bd7 31.Bxa3 Bxc6 32.bxc6 Bxa3 33.Rxa3 Rxc6 34.g4 Kg7 35.Kg2 Rc5 36.Ra6 h5
37.h3 hxg4 38.hxg4 Rb5 39.f4 Rb4 40.Kf3 Rb1 41.g5 Rb4 42.Ra7 Kf8 43.e3 Rb3
44.Ke4 Rb6 45.Ra5 Re6+ 46.Re5 Ra6 47.d4 Ra3 48.Rb5 Ra4 49.Rb8+ Kg7 50.Rb7 Kf8
51.Rb8+ Kg7 52.Re8 Ra7 53.d5 Ra4+ 54.Ke5 Ra7 55.e4 Rb7 56.f5 gxf5 57.exf5 Ra7
58.f6+ exf6+ 59.gxf6+ Kg6 60.Rg8+ Kh7 61.Rg4 Ra6  1-0

[Event "6th LGA Premium Cup"]
[Site "Nuernberg GER"]
[Date "2009.09.04"]
[Round "2"]
[White "Baramidze,D"]
[Black "Steinmueller,A"]
[Result "1-0"]
[WhiteElo "2527"]
[BlackElo "2058"]

1.Nf3 Nf6 2.c4 g6 3.g3 Bg7 4.Bg2 O-O 5.O-O d6 6.Nc3 Nbd7 7.d3 c6 8.Rb1 Qa5
9.b4 Qh5 10.h3 Ne5 11.Nxe5 dxe5 12.e3 Bg4 13.hxg4 Nxg4 14.Re1 f5 15.Ne2 Rad8
16.c5 Kh8 17.b5 Rd5 18.bxc6 bxc6 19.Rb4 g5 20.Rxg4 Qxg4 21.e4 Rxc5 22.exf5 Qxf5
23.Be3 Rd5 24.Be4 Qf7 25.Kg2 Rd6 26.Rh1 h6 27.Qb3 Qxb3 28.axb3 Kg8 29.Bxa7 Ra8
30.Bc5 Re6 31.Nc3 Bf8 32.b4 Ra6 33.Bf5 Rf6 34.Bg4 Kh7  1-0

[Event "6th LGA Premium Cup"]
[Site "Nuernberg GER"]
[Date "2009.09.05"]
[Round "4"]
[White "Baramidze,D"]
[Black "Schuetze,N"]
[Result "1/2-1/2"]
[WhiteElo "2527"]
[BlackElo "2278"]

1.Nf3 Nf6 2.c4 g6 3.g3 Bg7 4.Bg2 O-O 5.O-O c6 6.d4 d5 7.cxd5 cxd5 8.Nc3 Nc6
9.Ne5 Be6 10.f4 Qc8 11.e3 Bh3 12.Bd2 Bxg2 13.Kxg2 Qe6 14.Rc1 Rac8 15.b3 Rfd8
16.Qf3 Ne4 17.Nxe4 dxe4 18.Qe2 Nxe5 19.fxe5 f6 20.exf6  1/2-1/2

[Event "2nd WTeam w"]
[Site "Ningbo CHN"]
[Date "2009.09.08"]
[Round "6"]
[White "Goletiani,R"]
[Black "Ju Wenjun"]
[Result "1-0"]
[WhiteElo "2391"]
[BlackElo "2443"]

1.Nf3 Nf6 2.c4 g6 3.g3 Bg7 4.Bg2 O-O 5.O-O d6 6.d3 Nc6 7.Nc3 e5 8.Bg5 h6
9.Bxf6 Bxf6 10.Rb1 a5 11.a3 Bg7 12.b4 axb4 13.axb4 f5 14.b5 Ne7 15.Nd2 g5
16.Qb3 Kh8 17.Ra1 Rb8 18.Ra7 f4 19.Rfa1 Nf5 20.Ra8 Nd4 21.Qd1 Rxa8 22.Rxa8 c6
23.Bh3 Nf5 24.Qb3 Qc7 25.bxc6 bxc6 26.Qb8 Qxb8 27.Rxb8 Be6 28.Rb6 Rc8 29.Nb3 Nd4
30.Bxe6 Nxe6 31.Na5 Nd8 32.Kg2 Kg8 33.Ra6 Bf8 34.Ra7 Nf7 35.Ne4 Kg7 36.Rd7 d5
37.cxd5 cxd5 38.Rxd5 Kg6 39.Nc4 Bg7 40.Rd7 Rc6 41.g4 Ra6 42.Ned6 Nxd6 43.Rxd6+ Rxd6
44.Nxd6 h5 45.h3 hxg4 46.hxg4 Bf8 47.Nc4 Kf6 48.Kf3 Bc5 49.Ke4 Bxf2 50.Nxe5 Be1
51.Kd5 Ba5 52.Nd7+ Ke7 53.Nc5 Kf6 54.Ne4+ Kg6 55.Ke6 Bb6 56.Nd2  1-0

[Event "ch-RUS HL"]
[Site "Ulan Ude RUS"]
[Date "2009.09.12"]
[Round "10"]
[White "Nepomniachtchi,I"]
[Black "Sjugirov,S"]
[Result "0-1"]
[WhiteElo "2632"]
[BlackElo "2585"]

1.c4 Nf6 2.Nf3 g6 3.g3 Bg7 4.Bg2 O-O 5.O-O d6 6.Nc3 Nc6 7.d4 a6 8.h3 Rb8
9.e4 b5 10.e5 dxe5 11.dxe5 Qxd1 12.Rxd1 Nd7 13.cxb5 axb5 14.Bf4 Ncxe5 15.Nxe5 Nxe5
16.Nd5 Bb7 17.Rac1 e6 18.Ne7+ Kh8 19.Rxc7 Nf3+ 20.Kf1 Nh2+ 21.Kg1 Nf3+ 22.Bxf3 Bxf3
23.Rd3 Be4 24.Re3 Ba8 25.Kf1 Rbd8 26.Ke2 Bxb2 27.Rb3 Bf6 28.Rxb5 Rd4 29.Ra5 Kg7
30.Nc8 Be4 31.Raa7 Bd3+ 32.Ke1 g5 33.Be3 Rc4 34.Kd2 Rxc7 35.Rxc7 Rd8 36.Kc1 Bf1
37.Nb6 Bxh3 38.Nd7 Bg2 39.Nxf6 Kxf6 40.f4 h6 41.Rc5 Bd5 42.a4 Kf5 43.a5 Ra8
44.Bd2 Kg4 45.Rc7 f6 46.fxg5 hxg5 47.Rf7 f5 48.Rg7 Kxg3 49.Rxg5+ Kf2 50.Rg7 Ke2
51.Rc7 Be4 52.Rc3 Rb8 53.Re3+  0-1

[Event "Quality Chess Int"]
[Site "Edinburgh SCO"]
[Date "2009.09.15"]
[Round "4"]
[White "McNab,C"]
[Black "Mikkelsen,N"]
[Result "1/2-1/2"]
[WhiteElo "2466"]
[BlackElo "2361"]

1.c4 Nf6 2.Nf3 g6 3.g3 Bg7 4.Bg2 O-O 5.O-O d5 6.cxd5 Nxd5 7.d4 Nb6 8.Nc3 Nc6
9.e3 Re8 10.b3 e5 11.Nxe5 Nxe5 12.dxe5 Qxd1 13.Rxd1 Bxe5 14.Bb2 Bg4 15.Bxb7 Rab8
16.f3 Rxb7 17.fxg4 Nc4 18.bxc4 Rxb2 19.Rac1 Reb8 20.Rf1 Bxc3 21.Rxc3 Rxa2
22.Rf2 Rxf2 23.Kxf2 Rb2+ 24.Kf3 Rxh2 25.Ke4 h5 26.Ra3 Rc2 27.Kd3 Rg2 28.gxh5 gxh5
29.Rxa7 Rxg3 30.Rxc7 h4 31.Rc5 Kf8 32.Rh5 Rh3 33.Ke4 Ke7 34.Kf4 Kd6  1/2-1/2

[Event "7th ch-Mediterranean"]
[Site "Rijeka CRO"]
[Date "2009.09.15"]
[Round "7"]
[White "Adly,A"]
[Black "Le Roux,JP"]
[Result "1/2-1/2"]
[WhiteElo "2554"]
[BlackElo "2474"]

1.c4 Nf6 2.Nf3 g6 3.g3 Bg7 4.Bg2 O-O 5.O-O d5 6.cxd5 Nxd5 7.d4 Nb6 8.Nc3 Nc6
9.e3 Re8 10.Re1 Bd7 11.Ne4 e5 12.dxe5  1/2-1/2

[Event "USCL 2009"]
[Site "ICC INT"]
[Date "2009.09.16"]
[Round "3"]
[White "Mikhailuk,S"]
[Black "Ginsburg,M"]
[Result "0-1"]
[WhiteElo "2436"]
[BlackElo "2389"]

1.c4 Nf6 2.Nf3 g6 3.g3 Bg7 4.Bg2 O-O 5.O-O d6 6.Nc3 e5 7.d3 Re8 8.Bd2 Nc6
9.Rc1 Bf5 10.e4 Bg4 11.h3 Bxf3 12.Bxf3 Nd4 13.Bg2 c6 14.Kh2 Nd7 15.f4 Nc5
16.Be3 exf4 17.gxf4 f5 18.b4 Nce6 19.Ne2 Nxe2 20.Qxe2 Qh4 21.b5 fxe4 22.dxe4 Rf8
23.bxc6 bxc6 24.Bf2 Nxf4 25.Bxh4 Nxe2 26.Rxf8+ Rxf8 27.Rb1 Be5+ 28.Kh1 Rf7
29.a4 a5 30.Be1 Nf4 31.Bf1 Ne6 32.Bg2 Ra7 33.Bf2 Rf7 34.Bg1 Kg7 35.Rb6 c5
36.Rb5 Ra7 37.Bf2 Nd4 38.Bxd4 cxd4 39.Bf1 Kf6 40.Kg2 Kg5 41.Kf3 Rf7+ 42.Kg2 Kf4
43.c5 Kxe4 44.c6 d3 45.Rb3 d2 46.Be2 Bf4 47.Bf3+ Kd4 48.Rb5 Kc3 49.Bd1 Re7
50.Kf3 g5 51.Rb3+ Kd4 52.Be2 d5 53.Bd1 Re1 54.Rb1 Kc5 55.h4 h6 56.h5 Kxc6
57.Kg4 Kc5 58.Kf5 Kd4 59.Kg6 g4 60.Kf5 g3  0-1

[Event "Uxbridge Congress Open"]
[Site "Uxbridge ENG"]
[Date "2009.09.20"]
[Round "4"]
[White "Sen,S"]
[Black "Ganger,Rajan"]
[Result "1-0"]
[WhiteElo "2098"]
[BlackElo "1930"]

1.Nf3 Nf6 2.c4 g6 3.g3 Bg7 4.Bg2 O-O 5.O-O c5 6.Nc3 Nc6 7.d4 cxd4 8.Nxd4 Nxd4
9.Qxd4 d6 10.Qd2 a6 11.b3 Rb8 12.a4 Bd7 13.Bb2 Bc6 14.Rfc1 Qb6 15.Qc2 Ng4
16.e3 Bxg2 17.Kxg2 Qc6+ 18.e4 e6 19.h3 Nh6 20.Re1 f5 21.f4 Rbe8 22.Kh2 e5
23.Nd5 fxe4 24.Rxe4 Nf5 25.Rae1 exf4 26.gxf4 Rxe4 27.Rxe4 Re8 28.Rxe8+ Qxe8
29.Bxg7 Kxg7 30.Qb2+ Kh6 31.Nf6 Qe1 32.Ng8+ Kh5 33.Qg2 Qh4  1-0

[Event "Galicia Festival Blitz"]
[Site "Ourense ESP"]
[Date "2009.09.26"]
[Round "9"]
[White "Agrest,E"]
[Black "Taboas Rodriguez,D"]
[Result "1/2-1/2"]
[WhiteElo "2588"]
[BlackElo "2371"]

1.Nf3 Nf6 2.c4 g6 3.g3 Bg7 4.Bg2 O-O 5.O-O b6 6.Nc3 Bb7 7.d4 Ne4 8.Nb5 a6
9.Na3 Qc8 10.Nc2 e6 11.Ne3 d6 12.d5 exd5 13.Nxd5 Re8 14.Ng5 Nf6 15.Re1 Nbd7
16.Rb1 h6 17.Nh3 Nc5 18.Nhf4 a5 19.Nxf6+ Bxf6 20.Nd5 Bg7 21.Bd2 Ne4 22.Be3 h5
23.Bd4 Bxd5 24.cxd5 Bxd4 25.Qxd4 Qf5 26.Rbc1 Nc5 27.e4 Qe5 28.Qd2 Re7 29.f4 Qf6
30.e5 Qf5 31.exd6 Rxe1+ 32.Rxe1 cxd6 33.h3 Rc8 34.Kh2 Qd3 35.Qf2 Qf5 36.Qd4 Qd7
37.Qe3 Kf8 38.Qd4 Kg8 39.h4 Re8 40.Rf1 Qe7 41.f5 Qe5 42.Qd2 Kg7 43.Qg5 Qe3
44.fxg6 Qxg5 45.hxg5 Kxg6 46.Rf6+ Kxg5 47.Rxd6 b5 48.Rc6 Nd3 49.d6 Rd8 50.b3 Kf6
51.Rb6 b4 52.Bh3 Ne5 53.d7+ Ke7 54.Rb5 Ng4+ 55.Bxg4 hxg4 56.Rxa5 Rxd7 57.Re5+ Kf6
58.Re4 Rd2+ 59.Kg1 Rxa2 60.Rxg4 Rb2 61.Rxb4 Kg5 62.Kf1 f5 63.Kg1 Rc2 64.Rc4 Rb2
65.b4 Re2 66.Kf1 Rb2 67.Kg1 Kf6 68.Kf1 Ke5 69.g4 fxg4 70.Rxg4 Kd5 71.Ke1 Kc6
72.Kd1 Kb5  1/2-1/2

[Event "TCh-ROU Superliga"]
[Site "Eforie Nord ROU"]
[Date "2009.09.27"]
[Round "9"]
[White "Itkis,B"]
[Black "Foisor,O"]
[Result "1/2-1/2"]
[WhiteElo "2438"]
[BlackElo "2414"]

1.Nf3 g6 2.g3 Bg7 3.Bg2 Nf6 4.c4 O-O 5.O-O c6 6.d4 d6 7.Nc3 Bf5 8.b3 Ne4
9.Bb2 Nxc3 10.Bxc3 Be4 11.Qd2  1/2-1/2

[Event "74th ch-ESP Absoluto"]
[Site "Palma de Mallorca ESP"]
[Date "2009.09.27"]
[Round "2"]
[White "Barcelo Pujadas,P"]
[Black "Cabrera,Ale"]
[Result "0-1"]
[WhiteElo "2249"]
[BlackElo "2529"]

1.Nf3 Nf6 2.c4 g6 3.g3 Bg7 4.Bg2 O-O 5.O-O c6 6.d4 d5 7.cxd5 cxd5 8.Nc3 Ne4
9.e3 f5 10.Nd2 Nc6 11.Qb3 e6 12.Ncxe4 fxe4 13.f3 exf3 14.Nxf3 b6 15.Bd2 Ba6
16.Rfc1 Rc8 17.Qa4 Bb7 18.b4 h6 19.Qb3 Ne7 20.b5 Rf7 21.Rxc8 Nxc8 22.Qd3 g5
23.Ne5 Bxe5 24.dxe5 Ne7 25.Bb4 Kg7 26.Bh3 Bc8 27.Rc1 Bd7 28.a4 h5 29.e4 dxe4
30.Qxe4 Nf5 31.Bxf5 Rxf5 32.Qb7 Rf7 33.Rc7 g4 34.Bd2 Be8 35.Rxf7+ Bxf7 36.Be3 Qd1+
37.Kg2 Qxa4 38.Qe7 Qe4+ 39.Kf1 Qxe3 40.Qf6+ Kg8  0-1

[Event "TCh-ISL 2009-10"]
[Site "Rekjavik ISL"]
[Date "2009.09.27"]
[Round "4"]
[White "Bergsson,Sn"]
[Black "Tairi,F"]
[Result "1/2-1/2"]
[WhiteElo "2338"]
[BlackElo "2298"]

1.Nf3 Nf6 2.g3 g6 3.Bg2 Bg7 4.c4 O-O 5.Nc3 d6 6.O-O c6 7.Rb1 a5 8.d3 e5 9.a3 h6
10.b4 axb4 11.axb4 Re8 12.Nd2 d5 13.b5 Be6 14.bxc6 bxc6 15.cxd5 cxd5 16.Nb5 Nc6
17.Ba3 Qa5 18.Nc4 Qd8 19.Bd6 e4 20.Bc7 Qe7 21.Ncd6 exd3 22.Nxe8 Nxe8 23.Bf4 Bg4
24.Qxd3 Bxe2 25.Qxd5 Bxf1 26.Kxf1 Rc8 27.Re1 Qb4 28.Nc7 Nxc7 29.Qxc6 Qb5+
30.Qxb5 Nxb5 31.Re7 Nc3 32.Bb7 Rd8 33.Bc7 Rd1+ 34.Kg2 Bf6 35.Re8+ Kg7 36.Bf3 Rd7
37.Bb6 Nd5 38.Bc5 h5 39.Rc8 Ne7 40.Bxe7 Bxe7 41.Rc2 h4 42.Kh3 hxg3 43.hxg3 Bb4
44.Kg2 Be7 45.Bg4 Ra7 46.Bf3 Rd7 47.Bg4 Ra7 48.Bf3 Rd7  1/2-1/2

[Event "18th TCh-CRO"]
[Site "Sibenik CRO"]
[Date "2009.09.28"]
[Round "8"]
[White "Navara,D"]
[Black "Zufic,M"]
[Result "1-0"]
[WhiteElo "2692"]
[BlackElo "2461"]

1.Nf3 Nf6 2.c4 g6 3.g3 Bg7 4.Bg2 O-O 5.d4 d6 6.O-O c6 7.Nc3 Qa5 8.e4 e5 9.h3 exd4
10.Nxd4 Qc5 11.Bf4 Nh5 12.Nb3 Qxc4 13.Bxd6 Rd8 14.Re1 Nd7 15.Bc7 Rf8 16.e5 Bh6
17.e6 Ndf6 18.Bf1  1-0

[Event "18th TCh-CRO b"]
[Site "Sibenik CRO"]
[Date "2009.09.29"]
[Round "9"]
[White "Dizdarevic,E"]
[Black "Stevic,H"]
[Result "1/2-1/2"]
[WhiteElo "2483"]
[BlackElo "2624"]

1.Nf3 Nf6 2.g3 g6 3.c4 Bg7 4.Bg2 O-O 5.O-O d6 6.d4 Nbd7 7.Nc3 e5 8.dxe5 dxe5
9.Qc2 c6 10.Rd1 Qe7 11.Ng5  1/2-1/2

[Event "ch-USA w"]
[Site "Saint Louis USA"]
[Date "2009.10.07"]
[Round "4"]
[White "Goletiani,R"]
[Black "Abrahamyan,T"]
[Result "1/2-1/2"]
[WhiteElo "2391"]
[BlackElo "2275"]

1.Nf3 Nf6 2.c4 g6 3.g3 Bg7 4.Bg2 O-O 5.O-O d6 6.Nc3 e5 7.d3 h6 8.Rb1 a5 9.a3 Nc6
10.Nd2 Be6 11.Nd5 Bxd5 12.cxd5 Ne7 13.Qb3 a4 14.Qa2 c6 15.dxc6 Nxc6 16.b3 Nd4
17.Re1 Rc8 18.e3 Rc2 19.Qa1 Ne6 20.Rb2 Qc7 21.Qb1 Rc3 22.bxa4 Nc5 23.Bf1 d5
24.d4 exd4 25.exd4 Nxa4 26.Rxb7 Qa5 27.Rb5 Qa7 28.Qb4 Ng4 29.Nb3 Rc2 30.Be2 Nxf2
31.Kxf2 Nc3 32.Rb7 Qa6 33.Bd2 Qf6+ 34.Kg2 Qe6 35.Qe7 Qf5 36.Rf1 Qe4+ 37.Qxe4 Nxe4
38.Rd1 Ra8 39.Bf3 Rxa3 40.Rb8+ Kh7 41.Bxe4 dxe4 42.d5 Be5 43.Rb6 e3 44.d6 Bxd6
45.Rxd6 Rxb3 46.Kh3 exd2 47.R1xd2 Rbb2 48.Rxc2 Rxc2 49.g4 g5 50.Kg3 Rc3+
51.Kg2 Kg7 52.Ra6 f6 53.Ra7+ Kg6 54.Ra6  1/2-1/2

[Event "ch-ChessClub A"]
[Site "Reykjavik ISL"]
[Date "2009.10.09"]
[Round "7"]
[White "Johannesson,I"]
[Black "Sigfusson,S"]
[Result "1/2-1/2"]
[WhiteElo "2323"]
[BlackElo "2335"]

1.Nf3 Nf6 2.c4 g6 3.g3 Bg7 4.Bg2 O-O 5.O-O c6 6.Nc3 d5 7.cxd5 cxd5 8.d4 Nc6
9.Ne5 Bf5 10.Bf4 Rc8  1/2-1/2

[Event "ch-USA w"]
[Site "Saint Louis USA"]
[Date "2009.10.10"]
[Round "6"]
[White "Fan Yun"]
[Black "Abrahamyan,T"]
[Result "1-0"]
[WhiteElo "1935"]
[BlackElo "2275"]

1.Nf3 Nf6 2.g3 g6 3.Bg2 Bg7 4.c4 O-O 5.Nc3 d6 6.O-O Nc6 7.d3 h6 8.Bd2 e5
9.Rb1 a5 10.a3 Be6 11.e4 Nd7 12.b4 axb4 13.axb4 Kh7 14.Ne1 Nd4 15.Nc2 c6
16.Ne2 Ra2 17.Ncxd4 exd4 18.Nc1 Ra3 19.Nb3 Qa8 20.Bc1 Ra7 21.Bb2 c5 22.b5 Nb6
23.f4 f5 24.e5 Na4 25.exd6 Qd8 26.Qc2 Qxd6 27.Rfe1 Bf7 28.Nd2 Nc3 29.Ra1 Rxa1
30.Rxa1 Qe7 31.Nf3 Re8 32.Re1 Qc7 33.Rxe8 Bxe8 34.Qd2 Qa5 35.h3 Bd7 36.Kh2 Qb4
37.Ne5 Bc8 38.Nf7 b6 39.Ne5 Qb3 40.Bc1 g5 41.Nf7 gxf4 42.gxf4 Na2 43.Nd6 Qc3
44.Qxa2 Qxc1 45.Nxc8 Qxf4+ 46.Kg1 Qe3+ 47.Qf2 Qxd3 48.Nd6 Kg6 49.Bf1 Qb1
50.Qg3+ Kh7 51.Nxf5  1-0

[Event "ch-ChessClub A"]
[Site "Reykjavik ISL"]
[Date "2009.10.14"]
[Round "9"]
[White "Johannesson,I"]
[Black "Edvardsson,K"]
[Result "1/2-1/2"]
[WhiteElo "2323"]
[BlackElo "2255"]

1.Nf3 Nf6 2.c4 g6 3.g3 Bg7 4.Bg2 O-O 5.O-O d6 6.Nc3 e5 7.d3 h6 8.Rb1 a5 9.a3 c6
10.b4 axb4 11.axb4 Re8 12.Nd2 Be6 13.b5 d5 14.Qb3 Nbd7 15.bxc6 bxc6 16.Qb7 Qa5
17.Qb4 Qxb4 18.Rxb4 Reb8 19.Rxb8+ Rxb8 20.Ba3 Bf8 21.Bxf8 Kxf8 22.Rb1 Rxb1+
23.Ncxb1 Ke7 24.cxd5 cxd5 25.e3 Kd6 26.Nf3 Bf5 27.Bf1 Nc5 28.Ne1 Nb3 29.Na3 Kc5
30.Nf3 Kb4 31.Nc2+ Kc3 32.Na3 Kb4 33.Nc2+ Kc3 34.Na3 Nd7  1/2-1/2

[Event "Unive Open"]
[Site "Hoogeveen NED"]
[Date "2009.10.16"]
[Round "1"]
[White "Vul,A"]
[Black "Sparenberg,E"]
[Result "1/2-1/2"]
[WhiteElo "2309"]
[BlackElo "2076"]

1.Nf3 Nf6 2.c4 g6 3.g3 Bg7 4.Bg2 O-O 5.d4 d6 6.O-O Nbd7 7.Nc3 c6 8.e4 e5
9.h3 Qe7 10.Re1 b6 11.b3 Bb7 12.Ba3 c5 13.dxe5 Nxe5 14.Bb2 Rfe8 15.Qd2 Nxf3+
16.Bxf3 Nd7 17.Rad1 Rad8 18.Bg2 Nb8 19.f4 Qf8 20.Nb5 Bxb2 21.Qxb2 a6 22.Nc3 Qg7
23.e5 Bxg2 24.Qxg2 dxe5 25.Rxd8 Rxd8 26.Rxe5 Nd7 27.Qd5 Qf8 28.Re3 Nf6 29.Qc6 Rd6
30.Qc7 Qd8 31.Qxd8+ Rxd8 32.Kf2 Kf8 33.g4 Rd4 34.Kf3 h6 35.Na4 Nd7 36.Nb2 Rd2
37.Re2 Rxe2 38.Kxe2 Ke7 39.Ke3 Kd6 40.Na4 Ke6 41.Nc3 f5 42.g5 h5 43.Kd3 Kd6
44.a3 a5 45.Nd5 b5 46.a4 b4 47.Ne3  1/2-1/2

[Event "Unive Open"]
[Site "Hoogeveen NED"]
[Date "2009.10.21"]
[Round "6"]
[White "Heemskerk,W"]
[Black "Genova,Ly"]
[Result "1/2-1/2"]
[WhiteElo "2236"]
[BlackElo "2250"]

1.Nf3 Nf6 2.c4 g6 3.g3 Bg7 4.Bg2 O-O 5.O-O d6 6.d4 Nbd7 7.Nc3 e5 8.e4 exd4
9.Nxd4 Re8 10.h3 Nc5  1/2-1/2

[Event "8th TCh-Eur w"]
[Site "Novi Sad SRB"]
[Date "2009.10.22"]
[Round "1"]
[White "Maric,A"]
[Black "Vojinovic,J"]
[Result "1/2-1/2"]
[WhiteElo "2405"]
[BlackElo "2359"]

1.Nf3 Nf6 2.c4 g6 3.g3 Bg7 4.Bg2 O-O 5.O-O c6 6.d4 d5 7.cxd5 cxd5 8.Nc3 Nc6
9.Ne5 Nxe5 10.dxe5 Ng4 11.Nxd5 Bxe5 12.Qb3 e6 13.Nc3 Bg7 14.h3 Ne5 15.Rd1 Qc7
16.Nb5 Qc4 17.Bf4 a6 18.Nd6 Qxb3 19.axb3 Nc6 20.Bxc6 bxc6 21.Nc4 e5 22.Bxe5 Bxh3
23.Bxg7 Kxg7 24.Rd6 Rfb8 25.Ra3 c5 26.Rc6 Rb5 27.Nd6 Rb4 28.Rxc5 Be6 29.Nc4 Rab8
30.Na5 Rd8 31.Nc4 Rdb8 32.Rxa6 Rxb3 33.Ra1 Bxc4 34.Rxc4 Rxb2 35.Re4  1/2-1/2

[Event "Chigorin Mem Open"]
[Site "St Petersburg RUS"]
[Date "2009.10.22"]
[Round "7"]
[White "Khuseinkhodzhaev,M"]
[Black "Yevseev,D"]
[Result "0-1"]
[WhiteElo "2391"]
[BlackElo "2541"]

1.Nf3 Nf6 2.c4 g6 3.g3 Bg7 4.Bg2 O-O 5.d4 d6 6.O-O Nc6 7.Nc3 a6 8.Bf4 Bg4
9.Rc1 Nd7 10.d5 Bxf3 11.exf3 Nd4 12.Re1 c5 13.dxc6 bxc6 14.Be3 Nf5 15.f4 Rb8
16.b3 Qc7 17.Bd2 Nc5 18.Qe2 e6 19.b4 Nd4 20.Qf1 Nd7 21.Ne2 c5 22.Nxd4 Bxd4
23.Qd3 Qa7 24.Re4 Nf6 25.Rxd4 cxd4 26.c5 dxc5 27.bxc5 Qc7 28.Qxd4 Rfd8 29.Qe3 Nd5
30.Qa3 Qc6 31.Bc3 Rb5 32.Be5 Rc8 33.Bd6 Qb7 34.Bf1 Rb1 35.Rxb1 Qxb1 36.Qxa6 Rd8
37.Qa5 Rc8 38.a4 h5 39.Qb5 Qe1 40.Qa6 Rd8 41.h4 Nf6 42.c6 Ne4 43.Bc5 Nxc5
44.c7 Rf8 45.Qc6 Ne4 46.Qc2 Rc8  0-1

[Event "Chigorin Mem Open"]
[Site "St Petersburg RUS"]
[Date "2009.10.23"]
[Round "8"]
[White "Demina,J"]
[Black "Kobzar,A"]
[Result "1/2-1/2"]
[WhiteElo "2377"]
[BlackElo "2198"]

1.Nf3 Nf6 2.c4 g6 3.g3 Bg7 4.Bg2 O-O 5.O-O d6 6.d4 Nc6 7.Nc3 Bf5 8.d5 Na5
9.Nd4 Bd7 10.Qd3 c5 11.Nc2 a6 12.Rb1 b5 13.b3 Rb8 14.Bd2 Qc7 15.h3 e5 16.dxe6 fxe6
17.Bf4 e5 18.Bg5 bxc4 19.bxc4 Bf5 20.e4 Be6 21.Ne3 Rxb1 22.Rxb1 Qf7 23.Qxd6 Nh5
24.Ned1 h6 25.Bc1 Nxc4 26.Qxa6 Rd8 27.Nd5 Nd6 28.N1c3 Nf6 29.Qb6 Qf8 30.Nxf6+ Bxf6
31.Qxc5 Re8 32.Qa5 Ra8 33.Qb4 Be7 34.a4 Nc4 35.Qb3 Bc5 36.Qc2 Na3 37.Bxa3 Bxa3
38.Nd5 Rc8 39.Qd2 Bc5 40.a5 Rd8 41.Rb2 Rd7 42.a6 Rf7 43.Ne3 Rd7 44.Qe2 Bd4
45.Rb7 Qc8 46.Rxd7 Bxd7 47.Nd5 Kg7 48.Qf3 Qxa6 49.Bf1  1/2-1/2

[Event "8th TCh-Eur w"]
[Site "Novi Sad SRB"]
[Date "2009.10.29"]
[Round "8"]
[White "Bojkovic,N"]
[Black "Dedijer,S"]
[Result "1/2-1/2"]
[WhiteElo "2429"]
[BlackElo "2068"]

1.c4 Nf6 2.Nf3 g6 3.g3 Bg7 4.Bg2 O-O 5.O-O c5 6.d4 cxd4 7.Nxd4 Nc6 8.Nc3 Nxd4
9.Qxd4 d6 10.Qd2 Rb8 11.b3 Bf5 12.Bb2 Qd7 13.Rfd1 Rfc8 14.Rac1 Qe8 15.Nb5 a6
16.Nd4 Bd7 17.a4 Ng4 18.Bc3 Ne5 19.Qb2 Bh6 20.f4 Nc6 21.Qd2 Qf8 22.Nf3 b5
23.axb5 axb5 24.c5 b4 25.Ba1 Na5 26.Qe3 Bc6 27.cxd6 exd6 28.Nd4 Bxg2 29.Kxg2 Bg7
30.Rxc8 Rxc8 31.Nb5 Re8 32.Qd3 Qe7 33.Bxg7 Kxg7 34.Nd4 Qe3 35.Qxe3 Rxe3 36.Kf2 Rc3
37.Rd3 Rxd3 38.exd3 Nb7 39.Ke3 Nc5 40.Kd2 Kf6 41.Ke3 h5 42.h3 Ke7 43.g4 hxg4
44.hxg4 d5 45.Nc6+ Ke6 46.Nxb4 Nxb3 47.d4 Na5 48.Kd3 f5 49.g5 Nb7 50.Nc6 Kf7
51.Ke3 Nd6 52.Kd3 Ne4 53.Ne5+ Kg7 54.Nd7 Kf7 55.Nb8 Ng3 56.Na6 Ke6 57.Ke3 Ne4
58.Nb4 Nc3 59.Kd2 Ne4+ 60.Kd3 Ng3 61.Nc6 Kf7 62.Ne5+ Kg7 63.Kd2 Ne4+ 64.Kd3 Ng3
65.Nf3 Ne4 66.Kc2 Ng3 67.Ng1 Kf7 68.Kb3 Ke6 69.Kb4 Kd6 70.Kb5 Nh5 71.Ne2 Ng7
72.Kb4 Ne6 73.Kc3 Kc6 74.Kd3 Kd6 75.Ke3 Nd8 76.Nc1 Ke6 77.Nd3 Kf7 78.Kd2 Ne6
79.Ne5+ Kg7 80.Ke3 Nd8 81.Nd3 Kf7 82.Nb4 Ke6 83.Kd2 Nb7 84.Nd3 Kf7 85.Kc3 Nd8
86.Kb4 Ne6 87.Kb5 Nxd4+ 88.Kc5 Ne2 89.Kxd5 Kg7 90.Ke5 Nc3 91.Nc5 Ne2 92.Ne6+ Kf7
93.Nd8+ Kg7 94.Nb7 Kf7 95.Nd6+ Kg7 96.Nc4 Kf7 97.Nb6 Kg7 98.Nd5 Kf7 99.Kd6 Nd4
100.Nc7 Ne2 101.Ne6 Ke8 102.Kd5 Ke7 103.Ke5 Kf7 104.Nd4 Nc1 105.Nxf5 gxf5
106.Kxf5 Ne2 107.Kg4 Nxf4 108.Kxf4 Kg6 109.Kg4 Kg7 110.Kf5 Kf7 111.g6+ Kg7
112.Kg5 Kg8 113.Kf4 Kg7 114.Kf5 Kg8  1/2-1/2

[Event "Corsica Masters"]
[Site "Bastia FRA"]
[Date "2009.10.31"]
[Round "9"]
[White "Kozlov,O"]
[Black "Shishkin,Va UKR"]
[Result "1/2-1/2"]
[WhiteElo "2226"]
[BlackElo "2511"]

1.Nf3 Nf6 2.g3 g6 3.Bg2 Bg7 4.c4 O-O 5.e3 d6 6.d4 e5 7.dxe5 Ng4 8.Nc3 Nxe5
9.Ne2 Nbc6 10.O-O Bf5  1/2-1/2

[Event "48th XtraCon TCh-DEN 2009-10"]
[Site "Denmark DEN"]
[Date "2009.11.07"]
[Round "1"]
[White "Schandorff,L"]
[Black "Rasmussen,Kar"]
[Result "1/2-1/2"]
[WhiteElo "2501"]
[BlackElo "2429"]

1.Nf3 Nf6 2.c4 g6 3.g3 Bg7 4.Bg2 O-O 5.O-O d6 6.d4 Nc6 7.Nc3 e5 8.d5 Ne7
9.e4 Nd7 10.Ne1 f5 11.Nd3 Nf6 12.Bg5 h6 13.Bxf6 Bxf6 14.f4 exf4 15.Nxf4 Be5
16.Qd2 g5 17.Nd3 Bd4+ 18.Kh1 fxe4 19.Bxe4 Bh3 20.Bg2 Qd7 21.Nb5 Bb6 22.Rae1 Rxf1+
23.Rxf1 Rf8 24.Rxf8+ Kxf8 25.Nf2 Bxg2+ 26.Kxg2 Nf5 27.Nd1 Qe7 28.Nbc3 Qe5
29.Qe2 Bd4 30.Qxe5 dxe5 31.Ne4 Ke7 32.Kf3 a6 33.c5 Kf7 34.Ndc3 Ne3 35.h3 b6
36.cxb6 cxb6 37.Ke2 b5 38.Kd3 b4 39.Ne2 Ba7 40.Nd6+ Kf6 41.Ke4 Nd1 42.Ne8+ Ke7
43.Ng7 Kf6 44.Ne8+ Ke7 45.Ng7 Kf6 46.Ne8+  1/2-1/2

[Event "TCh-SLO East 1st League"]
[Site "Sentjur SLO"]
[Date "2009.11.07"]
[Round "7"]
[White "Titan,M"]
[Black "Grilc,A"]
[Result "1-0"]
[WhiteElo "2054"]
[BlackElo "2109"]

1.Nf3 Nf6 2.c4 g6 3.g3 Bg7 4.Bg2 O-O 5.O-O d6 6.d4 Nc6 7.Nc3 e5 8.d5 Ne7
9.c5 Ne8 10.cxd6 cxd6 11.Qb3 h6 12.Nd2 f5 13.Nc4 Rf7 14.a4 g5 15.a5 e4 16.Rd1 Ng6
17.Nb5 Ne5 18.Nxe5 Bxe5 19.Be3 Qf6 20.Bxa7 Bxb2 21.Bd4 Bxd4 22.Nxd4 Qe5 23.e3 Nf6
24.Bf1 f4 25.Ne6 fxg3 26.hxg3 Ng4 27.Ra2 Rxa5 28.Rc2 Ra8 29.Qb2 Qf5 30.Rdc1 Ne5
31.Rxc8+ Rxc8 32.Rxc8+ Kh7 33.Bg2  1-0